LEADER 01809nas a2200265 i 4500 001 000000236655 003 CaOOAMICUS 005 20141209000000.0 008 141209b2009 it uu u0 0mul r 013 $a215559 020 $a88-88353-16-6 040 $aSeMil$bita 245 12$aL'interpretazione di San Tommaso delle dottrine di San Paolo :$bAtti della 9. Sessione plenaria, 19-21 giugno 2009 = Saint Thomas's interpretation on Saint Paul's Doctrines : Proceedings of the 9. Plenary Session, 19-21 june 2009. 246 01$aSaint Thomas's interpretation on Saint Paul's Doctrines : Proceedings of the 9. Plenary Session, 19-21 june 2009 260 $aVatican City :$bPontificia Academia Sancti Thomae Aquinatis,$c2009. 300 $a249 p. ;$c24 cm. 700 1 $aAccademia di San Tommaso d'Aquino : Sessione plenaria «L'interpretazione di San Tommaso delle dottrine di San Paolo» <9. ; 2009 ; Roma>.$0(OLS)http://semarc/name/80796 773 0 $tDoctor Communis.$dCittà del Vaticano : [s.n.], 1948-1998.$w()2206 850 $aSeMil 852 $aSeMil$W1$xVenegono$y1$m8 2 16$j187001$B187001$CSeMilBibl$Z2$F197766 $85 961 $aOmaggio: Tettamanzi Card. Dionigi 996 $6020$a88-88353-16-6$9(OLS)http://semarc/number/241828 996 $6245$aL'interpretazione di San Tommaso delle dottrine di San Paolo :$bAtti della 9. Sessione plenaria, 19-21 giugno 2009 = Saint Thomas's interpretation on Saint Paul's Doctrines : Proceedings of the 9. Plenary Session, 19-21 june 2009$9(OLS)http://semarc/title/337265 996 $6246$aSaint Thomas's interpretation on Saint Paul's Doctrines : Proceedings of the 9. Plenary Session, 19-21 june 2009$9(OLS)http://semarc/title/337266 996 $6260$aVatican City :$bPontificia Academia Sancti Thomae Aquinatis$9(OLS)http://semarc/publisher/48301 LEADER 01380nam a2200313 i 4500 001 000000028221 003 CaOOAMICUS 005 20240209125124.0 008 180830s1848 fr u000 u fre u 040 $aSeMil$bita 100 1 $aFenelon, François,$c.$0(OLS)http://semarc/name/6914 245 10$aOeuvres completes de Fénelon, archevêque de Cambrai /$cprécédées de son Histoire littéraire par M. *** [Gosselin]. 264 1$aParis :$bJ. Leroux et Jouby ; Gaume & Cie. :$b[poi]... Méquignon junior,$c1848-1852. 300 $a10 v. ;$c27 cm. 650 4$aFénelon, François <1651-1715 ; arcivescovo> - Opere.$0(OLS)http://semarc/subject/3122 700 1 $aGosselin, Jean-Edme-Auguste,$d<1787-1858>.$0(OLS)http://semarc/name/12899 774 0 $tTome 1.$g1$w()243932 774 0 $tTome 2.$g2$w()243933 774 0 $tTome 3.$g3$w()243934 774 0 $tTome 4.$g4$w()243935 774 0 $tTome 5.$g5$w()243936 774 0 $tTome 6.$g6$w()243937 774 0 $tTome 7.$g7$w()243938 774 0 $tTome 8.$g8$w()243939 774 0 $tTome 9.$g9$w()243940 774 0 $tTome 10.$g10$w()243941 996 $6245$aOeuvres completes de Fénelon, archevêque de Cambrai$9(OLS)http://semarc/title/38287 996 $6264$aParis :$bJ. Leroux et Jouby ; Gaume & Cie. :$b[poi]... Méquignon junior$9(OLS)http://semarc/publisher/37668